00341nam a2200133Ia 4500003000400000008004100004020002700045040000800072100002500080245004700105260003000152300001300182365001200195LDD181029s9999 xx 000 0 und d a9780415975056cP 80.00 cLDD aShoemaker, Pamela J. 0aNews around the worldcPamela J. Shoemaker aNew YorkbRoutledgec2006 ax, 409p. bP 80.00